| 000 | 00842nam a22002297a 4500 | ||
|---|---|---|---|
| 005 | 20140826170808.0 | ||
| 010 | _aENG-108890 | ||
| 020 |
_a9789382816041 _c1095.00 |
||
| 035 | _aEN-92423 | ||
| 035 | _aB-537627 | ||
| 037 | _bDBAD/PUB | ||
| 037 |
_bMallika Books/Ven _adpl |
||
| 082 | _a881.145 | ||
| 100 | _aMiluwi, Joshua O. | ||
| 245 |
_aVictorian poetry and fiction / _cby Joshua O. Miluwi [and] HIna Rashid |
||
| 260 |
_aNew Delhi _bManglam Publishers and Distributors _c2013 |
||
| 270 |
_aL-21/1, Street No.5, Shivaji Marg, Near Kali Mandir, J.P. Nagar, Kartar Nagar , West Ghonda _bNew Delhi _e110053 |
||
| 300 |
_a345p. _c23cm(Hb) |
||
| 700 | _aHina Rashid | ||
| 942 |
_2ddc _cEN _mMIL _h881.145 |
||
| 999 |
_c81233 _d81233 |
||